[Event "Berliner Sommer 14th"]
[Site "Berlin"]
[Date "1996.??.??"]
[Round "2"]
[White "Nitsche, Dirk"]
[Black "Pigusov, Evgeny"]
[Result "0-1"]
[WhiteElo "2295"]
[BlackElo "2570"]
[PlyCount "114"]
[EventDate "1996.08.??"]
[EventType "swiss"]
[EventRounds "9"]
[EventCountry "GER"]
[SourceTitle "CBM 054 Extra"]
[Source "ChessBase"]
[SourceDate "1996.11.01"]
[SourceVersion "1"]
[SourceVersionDate "1996.11.01"]
[SourceQuality "1"]

1. d4 Nf6 2. Nf3 e6 3. c4 c5 4. d5 exd5 5. cxd5 d6 6. Nc3 g6 7. e4 Bg7 8. h3 a6 9. a4 0-0 10. Bd3 Re8 11. 0-0 Nbd7 12. Re1 Qe7 13. Bg5 h6 14. Bh4 g5 15. Bg3 Nh5 16. Bh2 Nf4 17. Bxf4 gxf4 18. Qd2 Ne5 19. Be2 Nxf3+ 20. Bxf3 Be5 21. a5 Bd7 22. Na4 Bb5 23. Nb6 Rad8 24. Rac1 Qf6 25. b3 Bb2 26. Rc2 Ba3 27. Rd1 Bb4 28. Qc1 Bxa5 29. Nc4 Bb4 30. Qa1 Kg7 31. Kh2 Qxa1 32. Rxa1 Re7 33. g3 Bxc4 34. bxc4 fxg3+ 35. Kxg3 Ree8 36. Bg2 Ra8 37. f4 f5 38. Re2 fxe4 39. Rxe4 Rxe4 40. Bxe4 Kf6 41. Kf3 Rg8 42. Bd3 a5 43. Ra2 Be1 44. Rg2 Rxg2 45. Kxg2 a4 46. Kf3 a3 47. Bb1 Bd2 48. Kg4 b5 49. Ba2 bxc4 50. Bxc4 Ke7 51. Bb3 Kd7 52. Ba2 Kc7 53. f5 Bg5 54. Kh5 Kb6 55. Kg6 Kb5 56. f6 Bxf6 57. Kxf6 c4 0-1